000 00418nam a2200169Ia 4500
008 230711s9999||||xx |||||||||||||| ||und||
020 _a978-93-5014-158-8
041 _aENG
082 _a621
_bKU-M
100 _aKumar,D.S
245 0 _aElements of Mechanical Engineering
250 _a04th Ed.
260 _c2012
_aNew Delhi
_bS.K Kataria & Sons
300 _a530
650 _aMechanical Engineering
942 _cBK
999 _c5093
_d5093